சிந்தனைக்கு விருந்து, தரம் - 4,5,6,7,8,9,10 & 11 : 1000 பழமொழிகளும் எளிமையான பொருள்களும் /

Saved in:
Bibliographic Details
Main Author: பொன்மணிதாசன்
Format: Book
Language:English
Tamil
Published: கொழும்பு : லங்கா புத்தகசாலை ; 2023.
Subjects:
Tags: Add Tag
No Tags, Be the first to tag this record!

MARC

LEADER 00000nam a22000007a 4500
005 20260411104715.0
008 260411b |||||||| |||| 00| 0 eng d
020 |a 9786245787425 
041 |a tam 
082 |a 398.9  |b பொன்ம 
100 |a பொன்மணிதாசன்  |9 89146 
245 |a சிந்தனைக்கு விருந்து, தரம் - 4,5,6,7,8,9,10 & 11 :  |b 1000 பழமொழிகளும் எளிமையான பொருள்களும் / 
260 |a கொழும்பு :  |b லங்கா புத்தகசாலை ;  |c 2023. 
300 |a 78 பக்.  |c 24.5 Cm. 
650 |a Proverbs, பழமொழிகள்  |9 117235 
942 |c BK 
999 |c 71280  |d 71280